|
|
|
|
| LEADER |
00000cam a2200000 a 4500 |
| 001 |
vtls008390303 |
| 003 |
SK-MaSNL |
| 005 |
20260301140202.0 |
| 008 |
230403s1950 xo 000 0 slo |
| 015 |
|
|
|a SNBA19451955-009059
|
| 035 |
|
|
|a SK01SNKBKSFS20010082520
|
| 035 |
|
|
|a urn:nbn:sk:snk-am3hxov
|
| 035 |
|
|
|a 6CE66366-6EC1-40F8-80FB-1F7B831CE294
|
| 035 |
|
|
|a urn:nbn:sk:snk-am00dcp6
|
| 035 |
|
|
|a SKM000084983
|
| 040 |
|
|
|a SNK
|b slo
|c SNK
|e AACR2
|
| 041 |
1 |
|
|a slo
|h rus
|
| 044 |
|
|
|a xo
|c SK
|
| 080 |
|
|
|a 327.5
|2 1981
|
| 100 |
1 |
|
|a Petrov, G.
|4 aut
|9 492550
|
| 245 |
1 |
0 |
|a Tí, čo chystajú vojnu
|c G. Petrov a B. Gorbatov ; [preložil Ivan Kupec]
|
| 260 |
|
|
|a Bratislava
|b Tatran
|c 1950
|e Bratislava
|f Tatran
|
| 300 |
|
|
|a 72, [3] s.
|c V. 8°
|
| 490 |
1 |
|
|a Aktuality
|v sv. 46
|
| 500 |
|
|
|a Preložené z ruštiny
|
| 600 |
1 |
7 |
|a Truman, Harry S.,
|d 1884-1972
|2 SNKMA
|9 179963
|
| 600 |
1 |
7 |
|a Marshall, George C.,
|d 1880-1959
|2 SNKMA
|9 179964
|
| 600 |
1 |
7 |
|a Bevin, Ernest,
|d 1881-1951
|2 SNKMA
|9 180014
|
| 600 |
1 |
7 |
|a Dulles, John Foster,
|d 1888-1959
|2 SNKMA
|9 180015
|
| 600 |
1 |
7 |
|a Vandenberg, Arthur,
|d 1884-1951
|2 SNKMA
|9 492551
|
| 600 |
1 |
7 |
|a Schuman, Robert,
|d 1886-1963
|2 SNKMA
|9 123892
|
| 600 |
1 |
7 |
|a Spaak, Paul-Henri,
|d 1899-1972
|2 SNKMA
|9 180023
|
| 650 |
0 |
7 |
|a medzinárodná politika
|2 SNKPH
|9 4293
|
| 655 |
|
7 |
|a štúdie
|2 SNKPH
|9 57033
|
| 700 |
1 |
|
|a Gorbatov, Boris Leont'jevič,
|d 1908-1954
|4 aut
|9 55816
|
| 700 |
1 |
|
|a Kupec, Ivan,
|d 1922-1997
|4 trl
|9 122753
|
| 830 |
|
0 |
|a Aktuality
|9 275567
|
| 852 |
|
|
|a Slovenská národná knižnica
|
| 954 |
|
|
|a odborná, vedecká literatúra cudzojazyčná (svetová)
|2 lita
|
| 958 |
|
|
|a OND
|
| 958 |
|
|
|a RK
|
| 958 |
|
|
|a TL
|
| 958 |
|
|
|a EUIPO
|
| 999 |
|
|
|c 762739
|d 764669
|
| 952 |
|
|
|a SNK
|b SNK
|y PREZ
|7 0
|p 17A0910609
|o snkSD 6083/46
|i snk947/51
|0 0
|1 0
|4 0
|d 2018-12-11
|f 1
|l 0
|r 2025-11-13 00:00:00
|w 2026-02-24
|
| 952 |
|
|
|a SNK
|b SNK
|y VYP
|7 0
|p 17A0594374
|o snkSD 6083/46 D1
|i snkD 2067/61
|8 1
|0 0
|1 0
|4 0
|d 2008-07-25
|l 0
|r 2026-02-24 00:09:35
|w 2026-02-24
|
| 952 |
|
|
|a SNK
|b SNK
|y VYP
|7 0
|p 17A0594373
|o snkSD 6083/46 D2
|i snkD 260/65
|8 1
|0 0
|1 0
|4 0
|d 2008-07-25
|l 0
|r 2026-02-24 00:09:35
|w 2026-02-24
|